000 00651nam a2200241Ia 4500
003 OSt
005 20221005070039.0
006 a|||||r|||| 00| 0
007 ta
008 221004b |||||||| |||| 00| 0 eng d
024 _a109746
037 _cTextual
040 _aCRL
_cCRL
_beng
041 _2eng
_aeng
082 _aV2z7, Q0
100 _aPrahalad C K
245 0 _aFrom sampurna swaraj to sampurna azadi
_b The unfinished agenda
260 _aMumbai
_bNani A Palkhiwal Memorial Trust India
_c2010
300 _a49p.
_ccm.
650 _aHISTORY
942 _hV2z7, Q0
_cTEXL
_2cc
999 _c975582
_d975582